| 000 | 01055cam a2200253 4500 | ||
|---|---|---|---|
| 001 | 2720944 | ||
| 005 | 20030429134722.0 | ||
| 008 | 720630s1962 enk 000 0 eng u | ||
| 010 | _a 62051942 | ||
| 015 | _aGB62-15739 | ||
| 035 | _a(OCoLC)ocm00345917 | ||
| 040 |
_cKSU _dOCL _dDMM _dUKM _dZCU |
||
| 050 |
_aBR115.P7 _bJ36 1962 |
||
| 100 | 1 |
_aJames, Arthur Walter, _d1912- |
|
| 245 | 1 | 4 | _aThe Christian in politics. |
| 260 |
_aLondon, _aNew York, _bOxford University Press, _c1962. |
||
| 300 |
_a216 p. _c23 cm. |
||
| 650 | 0 | _aChristianity and politics. | |
| 942 |
_2lcc _cBK |
||
| 999 |
_c19490 _d19490 |
||